000 00298nam a22001337a 4500
008 170616b xxu||||| |||| 00| 0 eng d
020 _a9780415039925
041 _aeng
080 _a32
100 _a20
101 _aSHP
245 _aTHE POLITICS OF POSTMODERNISM
_cHUTCHEON,L
942 _2udc
_cBK
999 _c17829
_d17829